00778nam a22002537a 45000010005000000030006000050050017000110080041000280200018000690400029000870500008001160820010001241000030001342450073001642600058002373000037002954900029003325050007003615200046003685210027004145210018004416500026004597000039004859666FISKH20260428101109.0260128b cb ||||| |||| 00| 0 eng d a9780462001081 aFISKHbengcFISKHdFISKH aPZ7 a372.6 aJohn, Victoria SteAuthor aRobots you can make /cWritten and photographed by Victoria St John  aSingapore :bMarshall Cavendish International ,c2008 a16 pages :bphotographs ;c19 cm aMy pals are here! :v12d aJ  aYou can make new things from old things. 8 a500 bLexile estimate 8 aJ bRaz-Plus  aRobotsvInstructions  aJohn, Victoria St ePhotographer